Responses for Show #4323 - Wednesday, May 21, 2003

Contestants

[<< previous game]

Maryann Correll, a research scientist from Sterling, Massachusetts

Andy Hejl, a graduate student from Pasadena, California

Doug Wager, a high school English teacher from Huntington Beach, California (whose 1-day cash winnings total $9,999)

[next game >>]

Jeopardy! Round responses

SPEAKERS OF THE HOUSE
SPORTSTALK
(Alex: Name the sport for us.)
BUMPS ON THE GLOBE
MONEY, MONEY, MONEY
DO YOU HEAR SOMETHING?
"W"ORDS
    $200 26
Newt Gingrich

Andy
    $200 2
tennis

Doug
    $200 8
Rockies

Andy
    $200 21
orangutan

Andy
    $200 11
bowling

Maryann
    $200 1
whisk

Andy
    $400 27
Illinois

Andy
    $400 4
golf

Maryann
    $400 9
Spain

Andy
    $400 22
India

Doug
    $400 15
sleigh bells

Doug
    $400 3
whiz kid

Andy
    $600 28
Sam Rayburn (the Rayburn Building)

Triple Stumper
    $600 5
baseball

Doug
    $600 10
Lapps

Maryann
    $600 23
Mount Ararat

Andy
    $600 16
Tiny Tim

Doug
    $600 12
watercress

Maryann
    $800 29
(Doug: Who is Gabor?)

Tallulah Bankhead

Doug
Triple Stumper
    $800 6
ice hockey

Doug
    $800 19
(Maryann: What is the Indian Ocean?)

Arctic Ocean

AndyMaryann
    $800 24
(Maryann: What is a stub?)

ducat

Maryann
Triple Stumper
    $800 17
(Andy: What is tickertape?)

teletype

DougAndy
    $800 13
weasel

Maryann
    $1,000 30
(Andy: Who is Franklin Roosevelt?)

Theodore Roosevelt

Andy
    $1000 7
soccer

Andy
    $1000 20
(Doug: What is Hungary?)

Iran

Doug
Triple Stumper
    $1000 25
Babylon

Triple Stumper
    $1000 18
a whoopee whistle

Doug
    $1000 14
the withers

Maryann

Scores at the first commercial break (after clue 14):

Doug Andy Maryann
$1,600 $2,200 $3,600

Scores at the end of the Jeopardy! Round:

Doug Andy Maryann
$3,000 $2,600 $2,000

Double Jeopardy! Round responses

DANCERS
FIRE ON FILM
MINERALS
U.S. UNIVERSITIES
GREEK MYTHOLOGY
HOMOPHONES
    $400 1
tap

Maryann
    $400 17
[Alex reads "GWTW" as Gone with the Wind.]

Atlanta

Maryann
    $400 22
(Maryann: What is calcium chloride?)

rock salt

AndyMaryann
    $400 12
University of Washington

Maryann
    $400 6
afterthought

Andy
    $400 11
Cyprus/cypress

Andy
    $800 2
Sammy Davis, Jr.

Maryann
    $800 18
Backdraft

Maryann
    $800 23
Notre Dame

Andy
    $800 7
Styx

Andy
    $800 13
charred/chard

Doug
    $1200 3
Chicago

Maryann
    $1200 19
The Towering Inferno

Maryann
    $1200 27
talc

Maryann
    $1200 24
(Alex: Minute to go.)

UNLV (University of Nevada at Las Vegas)

Andy
    $1200 8
Pegasus

Doug
    $1200 14
faint/feint

Doug
    $1600 4
(Maryann: Who is Twyla Tharp?)

Martha Graham

Maryann
Triple Stumper
    $1600 20
Firestarter

Doug
    $4,200 28
(Maryann: What is carbon?)
[The end-of-round signal sounds.]

graphite

Maryann
    $1600 25
["The Whiffenpoof Song"]

Yale

Doug
    $1600 9
Aphrodite

Doug
    $2,200 15
expatriate/ex-Patriot

Doug
    $2000 5
(Doug: Who is El Greco?)
...
(Alex: El Greco was the painter.)

Jose Greco

Doug
Triple Stumper
    $2000 21
smokejumper

Doug
    $2000 26
John Emory

Andy
    $2000 10
(Doug: Who was Danae?)

Andromeda

Doug
Triple Stumper
    $2000 16
(Maryann: What is an awl?)

augur/auger

Maryann
Triple Stumper

Scores at the end of the Double Jeopardy! Round:

Doug Andy Maryann
$11,200 $8,600 $200

[wagering suggestions for these scores]

Final Jeopardy! Round responses

WORLD CITIES
(Alex: Wieners are named for Vienna, while frankfurters are named for [*].)
MaryannWhat is Berlin?
$200
AndyWhat is Budapest?
$3,000
DougWhat is Hamburg?
$6,001
Frankfurt

Final scores:

Doug Andy Maryann
$5,199 $5,600 $0
2nd place: $2,000 New champion: $5,600 3rd place: $1,000

Game dynamics:

Coryat scores:

Doug Andy Maryann
$10,600 $9,600 $4,400
16 R
(including 1 DD),
4 W
17 R,
2 W
(including 1 DD)
14 R,
6 W
(including 1 DD)

Combined Coryat: $24,600

[game clues] [game scores] [suggest correction]

Game tape date: 2003-02-04
The J! Archive is created by fans, for fans. Scraping, republication, monetization, and malicious use prohibited; this site may use cookies and collect identifying information. See terms. The Jeopardy! game show and all elements thereof, including but not limited to copyright and trademark thereto, are the property of Jeopardy Productions, Inc. and are protected under law. This website is not affiliated with, sponsored by, or operated by Jeopardy Productions, Inc. Join the discussion at JBoard.tv.